000 00297nam a2200109Ia 4500
008 171211s9999 xx 000 0 und d
245 _aIntroducing Language Typology
245 _cEdith A. Moravcsik
260 _c2013
650 _xLANGUAGES
856 _uhttp://down.ebook777.com/025/IntLanTyp.pdf
999 _c349732
_d349732